Automatic process control for chemical engineers (Record no. 25223)

000 -LEADER
fixed length control field 00528nam a2200193 4500
001 - CONTROL NUMBER
control field 25223
003 - CONTROL NUMBER IDENTIFIER
control field BD-DhUET
008 - FIXED-LENGTH DATA ELEMENTS--GENERAL INFORMATION
fixed length control field 150304b1956 xxu||||| |||| 00| 0 eng d
040 ## - CATALOGING SOURCE
Original cataloging agency DLC
Transcribing agency DLC
Modifying agency BD-DhUET
082 ## - DEWEY DECIMAL CLASSIFICATION NUMBER
Classification number 660.28
Item number CEA/1956
100 ## - MAIN ENTRY--PERSONAL NAME
Personal name Ceaglaske, Norman H.
245 ## - TITLE STATEMENT
Title Automatic process control for chemical engineers
250 ## - EDITION STATEMENT
Edition statement 1st ed.
260 ## - PUBLICATION, DISTRIBUTION, ETC. (IMPRINT)
Place of publication, distribution, etc. New Delhi
Name of publisher, distributor, etc. Wiley Eastern
Date of publication, distribution, etc. 1956
300 ## - PHYSICAL DESCRIPTION
Extent xiv, 228 p.
Other physical details ill.
Dimensions 23 cm.
504 ## - BIBLIOGRAPHY, ETC. NOTE
Bibliography, etc Includes bibliographies
650 #0 - SUBJECT ADDED ENTRY--TOPICAL TERM
Topical term or geographic name as entry element Chemical engineering
942 ## - ADDED ENTRY ELEMENTS (KOHA)
Koha item type General Book
Holdings
Date acquired Lost status Sublocation or collection (holding branch) Source of classification or shelving scheme Withdrawn status Damaged status Price effective from Shelving location Copy number Piece designation (barcode) Not for loan Koha full call number Koha item type Koha normalized classification for sorting Koha date last seen Location (home branch)
2015-05-13 Central Library, BUET   2015-05-13Circulation section132624 660.28/CEA/1956General Book660_280000000000000_CEA_19562015-05-13Central Library, BUET
2015-05-13 Central Library, BUET   2015-05-13Circulation section232623 660.28/CEA/1956General Book660_280000000000000_CEA_19562015-05-13Central Library, BUET
2015-05-13 Central Library, BUET   2015-05-13Circulation section332622 660.28/CEA/1956General Book660_280000000000000_CEA_19562015-05-13Central Library, BUET
2015-05-13 Central Library, BUET   2015-05-13Circulation section432621 660.28/CEA/1956General Book660_280000000000000_CEA_19562015-05-13Central Library, BUET
2015-05-13 Central Library, BUET   2015-05-13Circulation section520928 660.28/CEA/1956General Book660_280000000000000_CEA_19562015-05-13Central Library, BUET
2015-05-13 Central Library, BUET   2015-05-13Circulation section637310 660.28/CEA/1956General Book660_280000000000000_CEA_19562015-05-13Central Library, BUET
2015-05-13 Central Library, BUET   2015-05-13Circulation section732625 660.28/CEA/1956General Book660_280000000000000_CEA_19562015-05-13Central Library, BUET
2015-05-13 Central Library, BUET   2015-05-13Circulation section811145 660.28/CEA/1956General Book660_280000000000000_CEA_19562015-05-13Central Library, BUET
2015-05-13 Central Library, BUET   2015-05-13Circulation section911148 660.28/CEA/1956General Book660_280000000000000_CEA_19562015-05-13Central Library, BUET
2015-05-13 Central Library, BUET   2015-05-13Circulation section1011144 660.28/CEA/1956General Book660_280000000000000_CEA_19562015-05-13Central Library, BUET
2015-05-13 Central Library, BUET   2015-05-13Circulation section1112431 660.28/CEA/1956General Book660_280000000000000_CEA_19562015-05-13Central Library, BUET
2015-05-13 Central Library, BUET   2015-05-13Circulation section1210151 660.28/CEA/1956General Book660_280000000000000_CEA_19562015-05-13Central Library, BUET